Deutschlands Erwecker; (Record no. 37393)
[ view plain ]
| 000 -LEADER | |
|---|---|
| fixed length control field | 00488cam a22001697 4500 |
| 001 - CONTROL NUMBER | |
| control field | ltf90027394 |
| 003 - CONTROL NUMBER IDENTIFIER | |
| control field | DLC |
| 005 - DATE AND TIME OF LATEST TRANSACTION | |
| control field | 20260227111550.0 |
| 008 - FIXED-LENGTH DATA ELEMENTS--GENERAL INFORMATION | |
| fixed length control field | 910124s1931 gw 000 0 ger |
| 010 ## - LIBRARY OF CONGRESS CONTROL NUMBER | |
| LC control number | ltf90027394 |
| 040 ## - CATALOGING SOURCE | |
| Original cataloging agency | DLC |
| Transcribing agency | DLC |
| Modifying agency | DLC |
| 050 00 - LIBRARY OF CONGRESS CALL NUMBER | |
| Classification number | 4DD 1867 |
| 100 1# - MAIN ENTRY--PERSONAL NAME | |
| Personal name | Arnim, Hans Friedrich August von, |
| Dates associated with a name | 1859-1931. |
| 245 10 - TITLE STATEMENT | |
| Title | Deutschlands Erwecker; |
| Remainder of title | Kampf und Werk des Freiherrn Karl vom Stein. |
| 260 ## - PUBLICATION, DISTRIBUTION, ETC. | |
| Place of publication, distribution, etc. | Berlin-Lankwitz, |
| Name of publisher, distributor, etc. | O.F. Hübner |
| Date of publication, distribution, etc. | [c1931] |
| 300 ## - PHYSICAL DESCRIPTION | |
| Extent | 171 p. |
No items available.